000 00445nam a2200181 a 4500
001 4720
003 CO-ViMGA
008 141112s2004 ck r 000 u spa d
040 _aCO-ViMGA
_bspa
_cCO-ViMGA
082 0 4 _a121.6 P743
100 1 _aPrigogine, Ilya
_92851
245 1 0 _aEl fin de las certidumbres
250 _a5a
260 _aBarcelona :
_bAndres Bellos,
_c1997
300 _a222 p
650 1 4 _aCERTIDUMBRE
_92852
942 _2ddc
_cBK
999 _c16729
_d16729